| 000 | 00853nam a22002417a 4500 | ||
|---|---|---|---|
| 999 |
_c14372 _d14372 |
||
| 003 | MIRAKIL | ||
| 005 | 20220422134615.0 | ||
| 008 | 210407b tu ||||| |||| 00| 0 tur d | ||
| 020 | _a9786254052873 | ||
| 040 |
_aTR-AnCHP _cTR-AnCHP |
||
| 041 | _aTur | ||
| 082 |
_a949.98 _bA24o 2021 |
||
| 100 | _aAdıyeke, Ayşe Nukhet | ||
| 245 | 1 | 0 |
_aOsmanlı dönemi kısa Girit tarihi/ _cAyşe Nukhet Adıyeke , Nuri Adıyeke. |
| 260 |
_aİstanbul: _bTürkiye İş Bankası Kültür Yayınları, _c2021. |
||
| 300 |
_a406 s.: _bfotg.; _c23 sm. |
||
| 490 | 0 |
_aTürkiye İş Bankası Kültür Yayınları; _vGenel Yayın: 5073. |
|
| 504 | _aKaynakça ve dizin vardır. | ||
| 650 | 4 |
_91099 _aTarih _xGirit _yOsmanlı İmparatorlu dönemi |
|
| 651 | 0 |
_97054 _aGirit _xTarih _yOsmanlı İmparatorluğu dönemi |
|
| 700 |
_96688 _aAdıyeke, Nuri |
||
| 942 |
_2ddc _cBKS |
||